00418pam a2200145a 44500008004100000020002900041082001300070100002300083245008300106250001200189260003000201300001100231906001100242999001900253230405s2018 xxu||||| |||| 00| 0 eng d a9789387085169cRs. 350/- a612bYAL aYalayyaswamy, N.N. aHuman Anatomy and Physiology for Courses in Nursing and Allied Health Sciences a4th Ed. aNew DelhibCBS Pub.c2018 a320 p. a003882 c252112d252112